Los climas /

Guardado en:
Detalles Bibliográficos
Autor principal: Pitol, Sergio (autor)
Formato: Libro
Idioma:Español
Publicado: Barcelona, España : Seix Barral, 1972, c1972
Colección:(Nueva Narrativa Hispánica Seix Barral)
Temas:
Etiquetas: Agrega una etiqueta
Sin etiquetas, Sé el primero en etiquetar este registro!

MARC

LEADER 00000nam^a2200000^a^4500
001 000040581
005 20250521000000.0
009 20260310085627.12
025 |a Donación Alvaro Gómez Saborío, 1 ejemplar 
037 |a Acervo ITESO - Biblioteca 
041 |a ESP 
082 |a 863.  |b PIT 
100 |a Pitol, Sergio  |e (autor) 
245 1 4 |a Los climas /  |c S. Pitol. 
264 4 |a Barcelona, España :  |b Seix Barral,  |c 1972, c1972 
300 |a 133 p. 
336 |a texto  |b txt  |2 rdacontenido 
337 |a sin mediación  |b n  |2 rdamedio 
338 |a volumen  |b nc  |2 rdasoporte 
440 1 |a (Nueva Narrativa Hispánica Seix Barral) 
545 0 |a Oriundo de la ciudad de Puebla (1933-2018), el escritor Sergio Pitol se desempeñó también como profesor universitario y miembro del servicio exterior mexicano. Escritor considerado de culto, elogiado por la crítica, no es un autor ampliamente conocido por el público mexicano porque no se plegó a los modelos literarios contemporáneos, a pesar de que su obra trata descarnadamente la realidad mexicana; en ella, plasma recuerdos autobiográficos, reflexiones sobre el arte y hace homenaje a sus escritores preferidos. Recibió numerosos premios literarios, entre los que destacan el Xavier Villaurutia (1981), el Mazatlán (1996), el Nacional de Novela del INBA (1973), el Gran Premio de la Asociación de Cultura Europea, en Polonia (1987), el Nacional de Literatura y Lingüística (1994), el Juan Rulfo (1999) y el Premio Cervantes (2005), entre los más destacados. Fue creador emérito del Sistema Nacional de Creadores. Realizó una importante labor en la difusión de la cultura mexicana en el exterior, así como de la literatura centroeuropea y se destacó como traductor.Entre otros títulos, fue autor de los libros de cuentos Victorio Ferri cuenta un cuento; Infierno de todos; Cementerio de tordos; de ensayo De Jane Austin a Virginia Woolf; La casa de la tribu; Pasión por la trama y de las novelas El tañido de la flauta; El desfile del amor; La vida conyugal. 
649 |a XX 
650 |a Cuentos Mexicanos 
650 |a Literatura Mexicana -  |y Siglo XX 
910 |a Fondo General 
920 |a Impresos - Libros 
930 |a Colección General 
940 |a Literatura 
905 |a 101 
901 |a 0405810100  |b IT1  |c LIT  |i 040581  |u 20250521 
901 |a 0500207616  |b IT1  |c LIT  |i D  |u 20250521 
902 |a https://opac.biblio.iteso.mx/vufind/Record/000040581